000 00512nam a2200205Ia 4500
003 GCL
008 140319s9999 xx 000 0 eng d
040 _aGCL /
_cGCL
082 0 4 _a612
_bS E
100 1 _aSHEELER, PHILLIP
245 1 0 _aESSENTIAL OF HUMAN PHYSIOLOGY /
_cSHEELER, PHILLIP
260 _a[S.N] :
_bWM, BROWN PBLISHERS ،
_c1996
300 _a458 P
650 0 4 _aPHYSIOLOGY
650 0 4 _aCHEMISTRY
650 0 4 _aBLOOD
650 0 4 _aMEDICINE
650 0 4 _aHUMAN PHYSIOLOGY
942 _2ddc
_cBK
999 _c11904
_d11904